Statistics for Youngest People To Become President

Click here to take the quiz!

General Stats

  • This quiz has been taken 17 times
  • The average score is 9 of 15

Answer Stats

Age At InaugurationAnswer% Correct
47Barack Obama
94%
46Bill Clinton
88%
51Franklin D Roosevelt
88%
42Theodore Roosevelt
88%
51Calvin Coolidge
56%
51William Howard Taft
56%
49James K Polk
50%
46Ulysses S Grant
50%
48Franklin Pierce
44%
47Grover Cleveland
44%
49James A Garfield
44%
51John Tyler
44%
50Millard Fillmore
44%
51Chester A Arthur
38%
43John F Kennedy
25%

Score Distribution

Percentile by Number Answered

Percent of People with Each Score

Your Score History

You have not taken this quiz